| 000 | 00936cam a2200289 4500 | ||
|---|---|---|---|
| 001 | 9209 | ||
| 003 | BD-RjUL | ||
| 005 | 20211208234733.0 | ||
| 008 | 140120s1953 nyu b 000 0 eng d | ||
| 035 | _a(OCoLC)ocm00498913 | ||
| 035 | _a(BD-RjUL)9254 | ||
| 035 | _a(NNC)1633801 | ||
| 040 |
_aWSU _cWSU _dOCL _dAKR _dNRC _dZCU _dBD-RjUL _beng |
||
| 041 | _aeng | ||
| 082 |
_a320.01 _bCAD 1953 |
||
| 100 | 1 |
_aCalhoun, John C. _q(John Caldwell), _d1782-1850. _928568 |
|
| 245 | 1 | 2 | _aA disquisition on government and selections from the Discourse / |
| 260 |
_aNew York ; _bLiberal Arts, _cc1953 |
||
| 300 |
_axxxv, 104 p. _c20 cm. |
||
| 490 | 1 |
_aThe American heritage series, _vno. 10 |
|
| 504 | _aBibliography: p. xxxiv. | ||
| 650 | 0 |
_aPolitical science. _928569 |
|
| 651 | 0 |
_aUnited States _xPolitics and government. _928570 |
|
| 830 | 0 |
_vno. 10. _928578 |
|
| 830 | 0 |
_aAmerican heritage series (New York, N.Y.) ; _928579 |
|
| 942 |
_2ddc _cBK |
||
| 999 |
_c9209 _d9209 |
||